| 000 | 00895nam a22003010a 4500 | ||
|---|---|---|---|
| 001 | UByD001864 | ||
| 003 | AR-LpoUNG | ||
| 005 | 20230819113340.0 | ||
| 008 | 230819s2019||||ag |||||||||||||||||spa d | ||
| 020 | _a9789874613189 | ||
| 040 |
_aAR-LpoUNG _bspa _cAR-LpoUNG _eaacr |
||
| 041 | _aspa | ||
| 044 | _aag | ||
| 082 | 0 | _aA861 743poe | |
| 245 | 1 | 0 | _aPoemas de la Peña de Eva Perón |
| 250 | _a1ra ed. | ||
| 260 |
_aBuenos Aires : _bAsociación Museo Evita, _c2019. |
||
| 300 | _a[144] p. | ||
| 650 | 4 | _aARGENTINA | |
| 650 | 4 | _aLITERATURA | |
| 650 | 4 | _aPOESIA | |
| 653 | 0 | _aPERONISMO | |
| 700 | 1 |
_aÁlvarez Rodríguez, Cristina _ecomp. _epról. |
|
| 700 | 1 |
_aRegolo, Santiago _epref. |
|
| 710 | 2 |
_aArgentina. Ministerio de Educación, Cultura, Ciencia y Tecnología. Instituto Nacional de Investigaciones Históricas Eva Perón _esel. |
|
| 905 | _a34624 | ||
| 942 |
_cLIB _2ddc |
||
| 999 |
_c64377 _d64377 |
||